The Most Influential Books of All Time - Statistics

General Stats
  • This quiz has been taken 46 times
    20 since last reset
  • The average score is 36 of 62
Answer Stats
Author Year Book % Correct
George Orwell 1949 1984
100%
J.K. Rowling 1997 Harry Potter
100%
J.R.R. Tolkien 1937 The Lord of the Rings
94%
Stephen King 1986 IT
88%
J.R.R. Tolkien 1930 The Hobbit
88%
George R.R. Martin 1996 A Game of Thrones
82%
Fyodor Dostoyevsky 1866 Crime and Punishment
82%
Bram Stoker 1897 Dracula
82%
Mark Twain 1884 The Adventures of Huckleberry Finn
82%
Various 1500 BCE The Bible
82%
F. Scott Fitzgerald 1925 The Great Gatsby
82%
Stephen King 1977 The Shining
82%
George Orwell 1944 Animal Farm
76%
Aldous Huxley 1932 Brave New World
76%
Miguel De Cervantes 1615 Don Qiuxote
76%
Mary Shelley 1816 Frankenstein
76%
William Shakespeare 1601 Hamlet
76%
Jane Austen 1813 Pride and Prejudice
76%
J.D. Salinger 1951 The Catcher in the Rye
76%
Leo Tolstoy 1869 War and Peace
76%
Herman Melville 1851 Moby Dick
71%
William Shakespeare 1596 Romeo and Juliet
71%
Roald Dahl 1964 Charlie and the Chocolate Factory
65%
Charles Dickens 1860 Great Expectations
65%
Dr. Seuss 1960 Green Eggs and Ham
65%
Victor Hug 1862 Les Miserables
65%
Mark Twain 1876 The Adventures of Tom Sawyer
65%
Anne Frank 1942 The Diary of a Young Girl
65%
Harper Lee 1960 To Kill a Mockingbird
65%
Charles Dickens 1843 A Christmas Carol
59%
Louisa May Alcott 1868 Little Women
59%
John Steinbeck 1937 Of Mice and Men
59%
Charles Dickens 1838 Oliver Twist
59%
Charles Darwin 1831 On the Origin of Species
59%
Oscar Wilde 1890 The Picture of Dorian Gray
59%
Charlotte Bronte 1847 Jane Eyre
53%
Daniel Defoe 1719 Robinson Crusoe
53%
Ernest Hemingway 1952 The Old Man and the Sea
53%
Roald Dahl 1988 Matilda
47%
Stephen King 1985 Misery
47%
Agatha Christie 1934 Murder on the Orient Express
47%
Cormac McCarthy 2006 The Road
47%
Agatha Christie 1939 And Then There Were None
41%
Joseph Conrad 1899 Heart of Darkness
41%
Michael Crichton 1990 Jurassic Park
41%
Kurt Vonnegut 1968 Slaughterhouse 5
41%
H.G. Wells 1895 The Time Machine
41%
H.G. Wells 1898 The War of the Worlds
41%
Erich Maria Remarque 1928 All Quiet on the Western Front
35%
Dr. Seuss 1957 How the Grinch Stole Christmas!
35%
William Golding 1954 Lord of the Flies
35%
Paulo Coelho 1988 The Alchemist
35%
Sylvia Plath 1963 The Bell Jar
35%
Phillip K. Dick 1968 Do Androids Dream of Electric Sheep?
29%
Daniel Keyes 1959 Flowers for Algernon
29%
Ken Kesey 1962 One Flew Over the Cuckoos Nest
29%
Chuck Palahniuk 1995 Fight Club
24%
Thomas Harris 1988 The Silence of the Lambs
24%
Robert Louis Stevenson 1885 The Strange Case of Dr. Jekyll and Mr. Hyde
24%
Patricia Highsmith 1955 The Talented Mr. Ripley
24%
Peter Benchley 1974 Jaws
18%
Arkady & Boris Strugatsky 1971 Roadside Picnic
12%
No matching quizzes found
Score Distribution
Percent of People with Each Score
Percentile by Number Answered
Your Score History
You have not taken this quiz since the last reset